Builder's guide to floors / (Record no. 5379)

MARC details
000 -LEADER
fixed length control field 01025nac a22002771u 4500
010 ## - LIBRARY OF CONGRESS CONTROL NUMBER
LC control number 97026105
020 ## - INTERNATIONAL STANDARD BOOK NUMBER
International Standard Book Number 007021672X (hc)
020 ## - INTERNATIONAL STANDARD BOOK NUMBER
International Standard Book Number 0070218986 (sc)
082 00 - DEWEY DECIMAL CLASSIFICATION NUMBER
Classification number 690.16
Item number FLE.
090 ## - LOCALLY ASSIGNED LC-TYPE CALL NUMBER (OCLC); LOCAL CALL NUMBER (OCLC)
-- 5379
-- 5379
100 ## - MAIN ENTRY--PERSONAL NAME
Personal name Fleming, Peter,
245 10 - TITLE STATEMENT
Title Builder's guide to floors /
Statement of responsibility, etc Peter Fleming.
260 ## - PUBLICATION, DISTRIBUTION, ETC. (IMPRINT)
Place of publication, distribution, etc New York :
Name of publisher, distributor, etc McGraw Hill,c.1997.
Date of publication, distribution, etc c.1997.
300 ## - PHYSICAL DESCRIPTION
Extent xvii, 301 p. :
Other physical details ill. ;
Dimensions 24 cm.
440 #0 -
-- Builder's guide series
500 ## - GENERAL NOTE
General note Includes index.
500 ## - GENERAL NOTE
General note Distributer : Al Ahram.
511 ## - PARTICIPANT OR PERFORMER NOTE
Participant or performer note Catalogued By : Mahitab.
650 #0 - SUBJECT ADDED ENTRY--TOPICAL TERM
Topical term or geographic name as entry element Floors
General subdivision Design and construction.
650 #0 - SUBJECT ADDED ENTRY--TOPICAL TERM
Topical term or geographic name as entry element Flooring.
650 #0 - SUBJECT ADDED ENTRY--TOPICAL TERM
Topical term or geographic name as entry element Floor coverings.
856 42 - ELECTRONIC LOCATION AND ACCESS
Materials specified Publisher description
Uniform Resource Identifier <a href="http://www.loc.gov/catdir/description/mh023/97026105.html">http://www.loc.gov/catdir/description/mh023/97026105.html</a>
856 42 - ELECTRONIC LOCATION AND ACCESS
Materials specified Table of contents
Uniform Resource Identifier <a href="http://www.loc.gov/catdir/toc/mh022/97026105.html">http://www.loc.gov/catdir/toc/mh022/97026105.html</a>
942 ## - ADDED ENTRY ELEMENTS (KOHA)
Item type Book - Borrowing
Call number prefix 690.16FLE.
Holdings
Withdrawn status Item status Damaged status Not for loan Home library Current library Shelving location Date acquired Source of acquisition Total Checkouts Total Renewals Full call number Barcode Date last seen Date last borrowed Koha item type
        Central Library Central Library First floor 24/10/2007 Purchase 1 1 690.16FLE. 000006741 15/07/2025 15/11/2011 Book - Borrowing